000 00714nam a22001457a 4500
003 OSt
005 20200605151242.0
008 150928b xxu||||| |||| 00| 0 eng d
040 _cRUA
082 _aAGR.BB SEM 2010 B060 Or.1
_2https://drive.google.com/file/d/1ozcPI_kATfZXupt8QrKfxl3MCkotYapw/view?usp=sharing
100 _91536
_aSEM, TOEUR.
245 _aEffect of hill spacing on senkroob rice variety at thmor kol district, battambang province, ឥទ្ធិពលទៅលើចន្លោះគុម្ពទៅលើពូជស្រូវសែនក្រអូបនៅស្រុកថ្មគោល ខេត្តបាត់ដំបង.
300 _aXII,40p.
_bill.
_c29cm.
942 _2ddc
_cAGRBB
999 _c1444
_d1444